| 000 | 00974nam0a22002651 4500 | ||
|---|---|---|---|
| 001 | rc\3310118 | ||
| 005 | 20260607072056.0 | ||
| 021 |
_aRU _b[73-89304] |
||
| 035 | _a(NLR Aleph) 007413881 | ||
| 090 |
_a6844172 _c6844172 |
||
| 100 | _a20130115d1973 |||y0rusy50 ca | ||
| 101 | 1 |
_arus _cyid |
|
| 102 | _aRU | ||
| 105 | _aa z ||||| | ||
| 200 | 1 |
_aПтичий праздник _e[Для мл. школьного возраста _fПер. с евр. Г. Сапгира _gИл.: А. Елисеев] |
|
| 210 |
_aМосква _cМалыш _d1973 |
||
| 215 |
_a[16] с. _cил. _d27 |
||
| 700 | 1 |
_7ca _8rus _aДриз _bО. О. _f1908-1971 _gОвсей Овсеевич _912723 _3RU\NLR\AUTH\7729694 |
|
| 702 | 1 |
_4730 _8rus _7ca _aСапгир _bГ. В. _f1928-1999 _gГенрих Вениаминович _3RU\NLR\auth\771381 _9111407 |
|
| 702 | 1 |
_aЕлисеев _bА. _4440 |
|
| 801 | 0 |
_aRU _bNLR _gpsbo |
|
| 801 | 1 |
_aRU _bELAR _2rusmarc |
|
| 852 |
_aNLR _j73-8/1762 |
||
| 942 | _cBOOK | ||
| 980 | _aNB | ||